| 000 | 01120cab a2200325 4500 | ||
|---|---|---|---|
| 001 | ABS55037 | ||
| 008 | 090401t1996 xxu||||| |||| 00| 0 eng d | ||
| 035 | _a(Sirsi) u13733 | ||
| 041 | _aeng | ||
| 100 | _aAustin, R. | ||
| 245 | _aFrench property: a legal update | ||
| 260 | _c1996 | ||
| 350 | _a0 | ||
| 490 |
_aEstates Gazette _v(9617) 27 April 1996, 182-183(2) |
||
| 520 | _aHighlights recent legal developments which need to be borne in mind if investing in the French commercial property market, including fines for `missing` parking spaces, VAT, the creation and aquisition of a company, registration duty, leases, shopping centres and asbestos controls. | ||
| 650 | _aMANAGEMENT-HEALTH AND SAFETY-HAZARDOUS SUBSTANCES-ASBESTOS | ||
| 650 | _aFRANCE | ||
| 650 | _aLEASES | ||
| 650 | _aPARIS | ||
| 650 | _aPARKING SPACES | ||
| 650 | _aPROPERTY LAW | ||
| 650 | _aREGISTRATION DUTY | ||
| 650 | _aSHOPPING CENTRES | ||
| 650 | _aVALUE ADDED TAX | ||
| 690 | _aOVERSEAS-EUROPE | ||
| 690 | _aPLANNING LAW AND PRACTICE | ||
| 690 | _aPROPERTY LAW AND PRACTICE | ||
| 942 | _n0 | ||
| 948 | _c04/03/1997 | ||
| 999 |
_c8845 _d8845 |
||